US State Word Scramble- 100 Second Sprint - Statistics

General Stats
  • This quiz has been taken 26 times
  • The average score is 29 of 40
Answer Stats
Answer % Correct
Colorado
91%
Alabama
87%
Arkansas
83%
Connecticut
83%
Delaware
83%
Florida
83%
Nevada
83%
Pennsylvania
83%
Arizona
78%
Michigan
78%
Mississippi
78%
Texas
78%
Alaska
74%
California
74%
Georgia
74%
Illinois
74%
Iowa
74%
Kentucky
74%
Maine
74%
Maryland
74%
Utah
74%
Hawaii
70%
Indiana
70%
Kansas
70%
Missouri
70%
Montana
70%
Nebraska
70%
Ohio
70%
Tennessee
70%
Washington
70%
Idaho
65%
Virginia
65%
Wisconsin
65%
Minnesota
61%
Oklahoma
61%
Louisiana
57%
Massachusetts
57%
Oregon
57%
Vermont
57%
Wyoming
57%
No matching quizzes found
Score Distribution
Percent of People with Each Score
Percentile by Number Answered
Your Score History
You have not taken this quiz